Video Game by Screenshots 7 - Statistics

General Stats
  • This quiz has been taken 15 times
  • The average score is 5 of 16
Answer Stats
Picture Answer % Correct
Unturned
69%
Garry's Mod
54%
Sniper Elite 4
54%
Hitman Absolution
46%
ASTRONEER
38%
Cooking Simulator
31%
UEBS
31%
Batman Arkham Origins
23%
Chicken Invaders
23%
Contraband Police
23%
Victoria 2
23%
War Thunder
23%
Age of History 3
15%
Valheim
15%
Buckhsot Roulette
8%
Winter Survival
8%
No matching quizzes found
Score Distribution
Percent of People with Each Score
Percentile by Number Answered
Your Score History
You have not taken this quiz